Dejours, Erner, Klotz. Barbare, l’entreprise ? (notice n° 1806176)

détails MARC
000 -LEADER
fixed length control field 00771cam a2200253 4500500
005 - DATE AND TIME OF LATEST TRANSACTION
control field 20260329001522.0
041 ## - LANGUAGE CODE
Language code of text/sound track or separate title fre
042 ## - AUTHENTICATION CODE
Authentication code dc
100 10 - MAIN ENTRY--PERSONAL NAME
Personal name Dejours, Christophe
Relator term author
245 00 - TITLE STATEMENT
Title Dejours, Erner, Klotz. Barbare, l’entreprise ?
260 ## - PUBLICATION, DISTRIBUTION, ETC.
Date of publication, distribution, etc. 2007.<br/>
500 ## - GENERAL NOTE
General note 61
690 ## - LOCAL SUBJECT ADDED ENTRY--TOPICAL TERM (OCLC, RLIN)
Topical term or geographic name as entry element Christophe Dejours
690 ## - LOCAL SUBJECT ADDED ENTRY--TOPICAL TERM (OCLC, RLIN)
Topical term or geographic name as entry element Guillaume Erner
690 ## - LOCAL SUBJECT ADDED ENTRY--TOPICAL TERM (OCLC, RLIN)
Topical term or geographic name as entry element Nicolas Klotz
690 ## - LOCAL SUBJECT ADDED ENTRY--TOPICAL TERM (OCLC, RLIN)
Topical term or geographic name as entry element Souffrance
690 ## - LOCAL SUBJECT ADDED ENTRY--TOPICAL TERM (OCLC, RLIN)
Topical term or geographic name as entry element Suicide
690 ## - LOCAL SUBJECT ADDED ENTRY--TOPICAL TERM (OCLC, RLIN)
Topical term or geographic name as entry element Travail
700 10 - ADDED ENTRY--PERSONAL NAME
Personal name Klotz, Nicolas
Relator term author
700 10 - ADDED ENTRY--PERSONAL NAME
Personal name Erner, Guillaume
Relator term author
700 10 - ADDED ENTRY--PERSONAL NAME
Personal name Cerf, Juliette
Relator term author
786 0# - DATA SOURCE ENTRY
Note Philosophie magazine | 14 | 11 | 2007-11-01 | p. 4-6 | 1951-1787
856 41 - ELECTRONIC LOCATION AND ACCESS
Uniform Resource Identifier <a href="https://shs.cairn.info/magazine-philosophie-magazine-2007-11-page-4?lang=fr&redirect-ssocas=7080">https://shs.cairn.info/magazine-philosophie-magazine-2007-11-page-4?lang=fr&redirect-ssocas=7080</a>

Pas d'exemplaire disponible.

PLUDOC

PLUDOC est la plateforme unique et centralisée de gestion des bibliothèques physiques et numériques de Guinée administré par le CEDUST. Elle est la plus grande base de données de ressources documentaires pour les Étudiants, Enseignants chercheurs et Chercheurs de Guinée.

Adresse

627 919 101/664 919 101

25 boulevard du commerce
Kaloum, Conakry, Guinée

Réseaux sociaux

Powered by Netsen Group @ 2025